Państwa według zdjęcia #3 - Statystyki

Ogólne statystyki
  • Ten quiz został rozwiązany 3 092 razy
  • Średni wynik to 10 z 15
Statystyki odpowiedzi
Obrazkowy Odpowiedź % Poprawnych
Stany Zjednoczone
90%
Watykan
90%
Francja
89%
Hiszpania
89%
Holandia
83%
Tanzania | Kenia
78%
Węgry
67%
Jordania
61%
Kuba
60%
Austria
55%
Irlandia
51%
Chorwacja
50%
Iran
48%
Argentyna
40%
Tajwan
40%
Nie znaleziono quizów pasujących do podanych kryteriów
Rozkład punktacji
Procent ludzi z każdym wynikiem
Percentyl według liczby udzielonych odpowiedzi
Twoja historia wyników
Nie rozwiązałeś tego quizu